[Event "Bundesliga 0203"]
[Site "Germany"]
[Date "2003.03.30"]
[Round "15.1"]
[White "Beliavsky, Alexander G"]
[Black "Aronian, Levon"]
[Result "0-1"]
[WhiteElo "2650"]
[BlackElo "2581"]
[Annotator "Golod,V"]
[PlyCount "98"]
[EventDate "2002.10.19"]
[EventType "team-tourn"]
[EventRounds "15"]
[EventCountry "GER"]
[SourceTitle "CBM 095"]
[Source "ChessBase"]
[SourceDate "2003.07.25"]
[SourceVersion "1"]
[SourceVersionDate "2003.07.25"]
[SourceQuality "1"]
[WhiteTeam "Plauen"]
[BlackTeam "Wattenscheid"]
[WhiteTeamCountry "GER"]
[BlackTeamCountry "GER"]

1. d4 Nf6 2. c4 e6 3. Nc3 Bb4 4. Qc2 c5 5. dxc5 Qc7 6. Bg5 {Rare and not so
successful continuation.On this line in database there are only four games.} ({
The most basic continuation:} 6. Nf3 $5 {You can see comments to Sargissian,
G-Anastasian,A/Batumi,2002/CBM 90(1-0)(Golod,V)(42)}) 6... Bxc5 ({Also it
deserves attention:} 6... Qxc5 7. Bxf6 gxf6 8. a3 Qa5 {[%csl Ra1][%cal Gb4c3]}
9. Rc1 Bxc3+ 10. Qxc3 Qxc3+ 11. Rxc3 b6 12. Nh3 Bb7 13. Nf4 Ke7 14. e3 Nc6 15.
f3 Rac8 $11 {See comments to Georgiev,K-Gurevich,M/Reggio Emilia,1988(1/2-1/2)
(19)}) 7. Bxf6 $146 {The position has become simpler, and now it will be much
more difficult for White to get the positional advantage.} ({Also were checked
in the preceding game:} 7. Nf3 Be7 $6 (7... a6 $5) 8. e4 $14 {Vera,R-Yudasin,L/
Leningrad,1989(0-1)(29)}) 7... gxf6 {After this move White has two possible
plans:} 8. e3 {With the idea: Nge2-f4,Be2 and usual arrangement of pieces:} (8.
Nf3 {/\e3,Be2 and 0-0.}) 8... a6 {[%csl Ya6][%cal Ya6b5] Black takes the b5
square under control.} 9. Nge2 Nc6 ({Is a possible continuation of the play:} 
9... Be7 $5 {/\b6,Bb7}) 10. Nf4 Be7 11. Be2 ({Hardly is better:} 11. Rd1 Ne5
12. Qb3 d6 $11 13. Na4 $140 Qa5+ {[%csl Ra4]}) 11... Ne5 12. O-O b6 $11 {
The game of Black corresponds to the requirements of a position.} (12... Nxc4
$2 {is refuted by:} 13. Ncd5 $16 (13. Nd1 $143 {[%csl Rc4,Rc7]} d5 14. b3 b5
15. bxc4 bxc4 {+/=/+/-}) 13... exd5 14. Nxd5 Qc5 15. Bxc4 $16) 13. Rac1 Bb7 14.
Ne4 $6 ({Can it was necessary to decide on the less active continuation:} 14.
Rfd1 Rc8 {but,it is absolutely not clear what to do further...}) 14... f5 15.
Ng3 Rg8 {[%csl Ga8,Gb7,Gc7,Ge5,Ge7,Gg8][%cal Ga8c8] All Black's pieces are
located ideally.} 16. Rfd1 Ng6 17. Nfh5 ({Leads to favourable complications
for Black:} 17. Ngh5 $2 Nxf4 {[%csl Rg2]} 18. Nxf4 Bd6 {[%csl Rg2][%cal Yf4g2,
Gd6f4]} 19. g3 $140 Bxf4 20. exf4 Qxf4 21. Qd3 Bc6 {=/+/-/+}) 17... f4 $1 {
[%csl Gb7,Ge7,Gg8] Black wants to open all diagonals and verticals for the his
pieces.} ({Leads to quieter game:} 17... d6 18. Qd2 {[%csl Yd2][%cal Yd2f4]})
18. exf4 Nxf4 19. Nxf4 ({Impossibly:} 19. Qxh7 $2 {in view of:} Nxe2+ 20. Nxe2
Rxg2+ 21. Kf1 Qe5 $17 {[%cal Ge7c5]}) 19... Qxf4 20. Rd3 {[%cal Ye2f3]} ({
Again very dangerously:} 20. Qxh7 O-O-O {[%csl Rg1][%cal Ge7c5,Gg8h8] with
strong initiative.}) 20... Qg5 {[%csl Rc2,Rd3,Rg2][%cal Gb7e4]} (20... Rc8 $143
21. Bf3 d5 22. Rc3 $36 {[%csl Rb7,Rc8][%cal Gc4d5]}) 21. Bf3 $6 ({Can be
recommended:} 21. Qd1 $5 {[%cal Ye2f3]}) 21... Bxf3 22. Rxf3 h5 $1 $15 23. Rd1
$2 {The strange decision,probably connected to the tactical miscalculation.} ({
It was necessary:} 23. h4 $1 Qxh4 24. Qh7 {[%csl Rf7,Rh5]} O-O-O 25. Qxh5 (25.
Qxf7 $4 Qg5 $19 {[%csl Rc1,Rg2][%cal Gh5h4]}) (25. Nxh5 $4 Rh8 {[%csl Rh5]} 26.
Qxf7 Rdf8 $1 27. Qg7 Rxh5 28. Rxf8+ Bxf8 29. Qxf8+ Kc7 $19 {[%csl Rc1,Rg1]
[%cal Gh4h1]}) 25... f5 $15) 23... h4 {/\Rg6 and hxg3(קg2).} 24. Qe4 ({
Loses right away:} 24. Rfd3 Rg6 {[%csl Rg2]} 25. Rxd7 hxg3 26. hxg3 Qc5 $19)
24... Rd8 25. Rfd3 f5 (25... hxg3 $4 26. Rxg3 {[%csl Rg5,Rg8]}) 26. Qb7 {
It is sole chance for continuation of struggle.} (26. Qe2 $2 Qg6 $19) {[%tqu
"En","Please enter a best move for black.","It is necessary to use a weakness
of the White's king!","","h4g3","",10]} 26... hxg3 $1 27. Rxg3 $140 Qh5 $1 {
[%csl Rd1] Looks nearly winning.} 28. Rxg8+ Kf7 {[%csl Rd1,Rg8]} 29. f3 (29.
Re1 Rxg8 (29... Kxg8 30. Qxb6) 30. Qxd7 Rg6 {-/+/-+}) 29... Bc5+ $1 {This move
is better,than:} (29... Rxg8 30. Rxd7) ({or} 29... Kxg8 30. Qxb6) 30. Kh1 ({
Badly:} 30. Kf1 $2 {because of:} Qh4 $1 {[%csl Rf1][%cal Gh4f2,Gh4c4]} 31.
Rxd7+ (31. g3 Qxc4+) 31... Kxg8 32. Rxd8+ (32. Rg7+ Kh8) 32... Qxd8 {[%csl Rd1,
Rd3][%cal Gd8d3,Gd8d1]} 33. Ke2 Bb4 $19 {[%csl Rd2][%cal Gd8d2]}) 30... Rxg8
31. Qxd7+ (31. Rxd7+ $143 Kf6 {And white can not create threats to the Black's
king.}) 31... Kf6 32. Re1 Re8 33. Qd2 a5 34. Qc3+ Kf7 $19 {The rest is the
matter of technics.} 35. Rd1 Qh4 {[%cal Ge8h8]} 36. g3 Qh3 37. Qd2 Be7 {
[%cal Ge8d8] <->d} 38. Qe2 Rd8 39. Re1 Qh6 {[%cal Gd8d2]} 40. Rd1 ({After:} 40.
f4 $2 {very strongly:} e5 $1 {[%csl Rh1][%cal Gh6c6,Ge7c5,Gd8d2]}) 40... Rxd1+
41. Qxd1 Qh3 {[%csl Rh1] Black perfectly use weakness of the white king.} 42.
f4 a4 43. b3 a3 {[%csl Ra2]} 44. Qf3 Qh8 45. Kg2 Qb2+ 46. Kh3 Qxa2 47. Qh5+ Kg7
48. Qe8 Bc5 $6 (48... Bf6 $142 49. Qd7+ (49. Qxe6 Qb1 {[%csl Rh3][%cal Gb1f1]})
49... Kh6 50. Qxe6 Qb2 $19 {[%cal Ga3a2]}) 49. Qd7+ $2 ({After:} 49. Qxe6 {
[%csl Rg7][%cal Ge6d7,Ge6e5] Black should still work.}) 49... Kf6 $19 (49...
Kf6 50. Qd8+ Kf7 {[%cal Yc5e7]}) 0-1

[Event "Asia-ch 5th"]
[Site "Hyderabad"]
[Date "2005.10.06"]
[Round "1"]
[White "Sasikiran, Krishnan"]
[Black "Gnusarev, Petr"]
[Result "1-0"]
[WhiteElo "2663"]
[BlackElo "2426"]
[Annotator "Golod,V"]
[PlyCount "51"]
[EventDate "2005.10.05"]
[EventType "swiss"]
[EventRounds "9"]
[EventCountry "IND"]
[SourceTitle "CBM 110"]
[Source "ChessBase"]
[SourceDate "2006.01.31"]
[SourceVersion "1"]
[SourceVersionDate "2006.01.31"]
[SourceQuality "1"]

1. d4 Nf6 2. c4 e6 3. Nc3 Bb4 4. Qc2 c5 5. dxc5 Qc7 6. Nf3 Bxc5 7. g3 Qb6 8. e3
Be7 9. Bg2 d6 10. O-O Nbd7 $6 {From my point of view this is an unsuccessful
move. In the light of previous games I would like to recommend Blac to develop
his bishop on "b7", after "a6, Qc7, b6, Bb7". If White tries to prevent this
plan by playing "Nd4", Black could play "Bd7" and "Nc6". A main deficit of the
move "Nbd7" are the following problems with the development of the queenside.}
({Previously was checked:} 10... a6 $5 11. b3 Qc7 12. Nd4 Nbd7 $6 (12... Bd7
$142 {/\Nc6}) 13. Bb2 Rb8 14. Qe2 O-O 15. g4 $40 {Arlandi,E-Naiditsch,A/
Istanbul,2003/CBM 96 (1-0)(Golod,V)(32)}) 11. b3 O-O 12. Bb2 $146 (12. Rd1 $5 {
could be recommended for White:} a6 13. Ba3 Rb8 14. Rd2 Rd8 15. Rad1 $14 {
Kruppa,Y-Bocharov,D/St.Petersburg,2000(1-0)(47)}) 12... a6 13. Rad1 $14 {
White's advantage is clear. He has completed the development of his pieces and
has a lot of space.} Qc7 14. Nd4 {The idea of this move - is to prevent Black
from playing "b6 and Bb7".} Rb8 15. Qe2 {[%csl Gf2,Gg3][%cal Gf2f4,Gg3g4,Gg4g5]
Krishnan Sasikiran transfered his queen to "e2" in order to support the
advancement of the pawns on the kingside.} Ne5 {Now we can understand the
downside of the 10th black's move. He needs to spend additional tempos in
order to finish the development of his queenside. White uses it and starts
active operations against Black's king.} 16. f4 Nc6 17. Nxc6 $6 {A doubtful
decision. After this move Black has a strong pawn centre. This could be
recommended by playing immediately 17.g4, without the exchange of the knights:}
(17. g4 Nxd4 18. exd4 b6 19. g5 Ne8 (19... Nd7 $143 20. f5 {ץe7,Pe6}) 20. Rde1
$1 $16 {[%csl Re7][%cal Gd4d5,Gc3d5]}) 17... bxc6 18. g4 d5 {The classical
reaction - Black answers by playing in the centre the action on the kingside.}
19. g5 Nd7 20. h4 a5 {[%csl Rc4,Yc8,Re2,Rf1][%cal Ga6f1,Yc8a6] Finally Black
found a place for his light-squared bishop.} 21. h5 {Each one plays on his
side.} Ba6 {+/=/= Black perfectly placed his pieces and nearly equalized the
position. The only thing he needs to do is to neutralize White's attack on the
kingside.} 22. Rf2 ({This seems logical:} 22. h6 $5 g6 {although it is not
clear, how White could use the weakness of the big diagonal.} (22... gxh6 $143
23. gxh6 f5 24. Rf3 Bf6 25. Rg3+ Kh8 26. Na4 $36 {עh8}) 23. Na4 Rfd8 {+/=/=})
22... Nc5 23. Qg4 {[%csl Rg8][%cal Gg5g6]} ({Another option was:} 23. h6 $5 g6
{in order to weaken the position of Black's king.}) 23... dxc4 24. Ne4 (24. g6
$5 h6 25. gxf7+ Rxf7 26. Ne4 Rd8 27. Rxd8+ Qxd8 $13) 24... Nxe4 $2 {It would
be Interesting to ask Petr Gnusarev, why he avoided the next continuation:} (
24... Nd3 $1 25. Rxd3 cxd3 26. Be5 Qa7 27. g6 hxg6 (27... f6 $4 28. h6 $1 $18 {
[%csl Rg8][%cal Oe5b8,Cg7h6,Gg6h7]}) 28. hxg6 Qxe3 29. gxf7+ Rxf7 30. Bxb8 d2
31. Kh2 Bb4 32. Rxd2 Bxd2 33. Qxe6 Qe1 34. Qe8+ Rf8 35. Qe6+ {[%cal Ge6e8,
Ge6h3,Ge8e6,Gh3e6] and the game finishes with perpetual check.}) 25. Bxe4 cxb3
$2 {The last mistake in a very hard position.} (25... Bc5 $142 26. Be5 Qa7 27.
g6 $1 (27. Bxb8 $2 Rxb8 28. Rc2 cxb3 29. axb3 Bxe3+ 30. Kh1 c5 $44) 27... f5 (
27... hxg6 $2 28. hxg6 {[%csl Rg8][%cal Gg4h5]} Rfd8 29. Rxd8+ Rxd8 30. Qh5 $18
) 28. gxh7+ Kh8 29. Qg6 {/\h6 ->} Bxe3 30. h6 Bxf2+ 31. Kg2 Rb7 32. Bxc6 $1 $16
) 26. g6 $1 {After this move, Black's position is hopeless, therefore he
resigned.} (26. g6 $1 {For example:} f6 (26... h6 27. gxf7+ Rxf7 28. Be5 Qc8
29. Qg6 {[%csl Gg6,Rg8][%cal Gg6h7,Gh7h8]}) (26... fxg6 27. Qxe6+ Kh8 28. h6
Bf6 29. Rd7 $18) 27. Qxe6+ Kh8 28. Rd7 Qxd7 29. Qxd7 Rb7 30. Qe6 $18) 1-0

[Event "Linares Anibal op 08th"]
[Site "Linares"]
[Date "2001.01.09"]
[Round "2"]
[White "Golod, Vitali"]
[Black "Gaprindashvili, Valerian"]
[Result "1-0"]
[WhiteElo "2591"]
[BlackElo "2482"]
[Annotator "Golod,V"]
[PlyCount "93"]
[EventDate "2001.01.08"]
[EventType "swiss"]
[EventRounds "11"]
[EventCountry "ESP"]
[SourceTitle "CBM 081"]
[Source "ChessBase"]
[SourceDate "2001.03.20"]
[SourceVersion "1"]
[SourceVersionDate "2001.03.20"]
[SourceQuality "1"]

1. d4 Nf6 2. c4 e6 3. Nc3 Bb4 4. Qc2 c5 5. dxc5 Na6 6. a3 Bxc3+ 7. Qxc3 Nxc5 8.
f3 $5 ({Another alternative is:} 8. b4 $5) 8... d6 ({More essentially:} 8... d5
$5 {See comments to game: Hillarp Persson,T-Brynell,S/Goteborg,1999/CBM 69 
(1-0)(46)}) 9. e4 O-O 10. Be3 b6 ({Here more often was checked:} 10... Qc7) 11.
Nh3 $5 $146 {[%cal Gh3f2]} ({Before met:} 11. Ne2) (11. b4 Ncd7 12. Qd4 Qc7 13.
Rd1 d5 $6 (13... Ne8 $142 $14) 14. cxd5 exd5 15. exd5 Bb7 16. d6 Qc2 17. Rc1
$16 {Michaelsen,N-Dankert,P/Hamburg,1993(1-0)(33)}) ({and} 11. Rd1 Qe7 12. Ne2
Ba6 13. Ng3 Ne8 14. b4 Nd7 15. Be2 Rc8 16. Qd4 Ne5 17. Rc1 $14 {Tisdall,
J-Agdestein,S/NOR-ch,1994(1/2-1/2) (31)}) 11... e5 12. Nf2 Be6 {[%csl Rc4]
[%cal Ga8c8]} 13. b4 $1 {It is necessary to grasp space.} Ncd7 ({Probably,
worse is:} 13... Na4 14. Qd2 Rc8 15. Rc1 Rc7 16. Bd3 {[%csl Ra4,Yc1,Yd3][%cal
Yd2e2,Yd3c4]}) 14. Rc1 Rc8 15. Qd2 $14 Qe7 16. Bd3 {()} Rc7 {The game black is
connected only to pressure on pawn"c4".} 17. O-O Rfc8 18. Qe2 Ne8 $6 {This too
passive place for knight.} ({It deserves attention:} 18... Nh5 $5 {[%cal Gh5f4]
} 19. g3 g6 20. Ng4 $5 $14 (20. f4 $6 exf4 21. gxf4 Ng7 $13) (20. Nd1 $143 f5
21. Bf2 (21. Nc3 f4 $132) 21... b5 $1 22. Nb2 Nhf6 $13)) 19. Rc2 g6 20. Nd1 {
[%csl Rd5][%cal Gd1c3,Gc3d5] Now mine knight directs on point"d5".} Kh8 21. Bf2
{[%csl Rd5][%cal Gd1e3,Ge3d5]} f5 22. Ne3 Qf7 23. Rfc1 ({Also possibly right
away:} 23. Nd5 Rc6 $1 $14 (23... Bxd5 $6 24. cxd5 Rxc2 25. Bxc2 Rc3 26. Ba4 $5
(26. a4 $14) 26... Rxa3 27. Bc6 $14 {[%csl Ra3]}) (23... Rb7 $2 24. c5 $36 {
[%csl Rb7,Rc8][%cal Gd3a6]})) 23... Ng7 24. Nd5 Rc6 $1 {[] Rest is bad:} (24...
Bxd5 $2 25. cxd5 Rxc2 26. Rxc2 $16) (24... Rb7 $2 25. c5 $16 {[%csl Rb7,Rc8]
[%cal Gd3a6]}) 25. c5 $1 {[%mdl 512] Through this victim I want to open the my
bishops,/^a1-h8 and to reach the black king.} (25. b5 $2 Bxd5 26. bxc6 Bxc6 $44
) 25... dxc5 {This capture is stronger than:} (25... bxc5 26. Bb5 (26. b5 $6
Bxd5 27. bxc6 Bxc6 28. Bc4 Qe7 $13) 26... Bxd5 27. exd5 R6c7 28. bxc5 $1 (28.
Bxd7 $5 Rxd7 29. bxc5 Qxd5 30. Rd1 Qc6 31. Rdd2 $1 $14 {[%csl Ra7,Rd6,Re5]})
28... Nxc5 $140 29. Rxc5 $1 dxc5 (29... Rxc5 30. Bxc5 dxc5 31. Qxe5 $16) 30. d6
Rb7 $140 31. Ba6 $14 {[%csl Rb7,Rc8]}) 26. Ba6 Rb8 ({Can be recommended:} 26...
Rd8 $5 27. Bb5 (27. Bh4 Re8 28. Bb5 $13 Bxd5 29. exd5 Rd6 $11) 27... Rcc8 28.
Bxd7 Qxd7 29. bxc5 fxe4 30. fxe4 Bxd5 31. exd5 Qxd5 32. cxb6 Rxc2 33. Qxc2 axb6
34. Bxb6 $14) 27. Bb5 Rcc8 28. Bxd7 Qxd7 29. bxc5 bxc5 (29... Bxd5 $143 30. Rd2
$1 {[%csl Gd2,Rd7]}) 30. h3 $1 {[%csl Yh2][%cal Yg1h2] The important
preventive move.} ({Probably,it is not enough for a win:} 30. Rxc5 Rxc5 31.
Bxc5 Bxd5 32. exd5 Qxd5 33. Bxa7 Ra8 $14) 30... fxe4 ({Very dubious:} 30...
Bxd5 31. exd5 Qxd5 32. Rxc5 Rxc5 33. Rxc5 Qd6 {[%csl Ra3]} 34. Qxe5 Qxe5 35.
Rxe5 $16 {[%csl Ra7] _|_}) 31. fxe4 Nh5 ({A little better is:} 31... Bxd5 $5
32. exd5 Qxd5 33. Rxc5 Rxc5 34. Rxc5 Qd6 35. Qxe5 Qxe5 36. Rxe5 {[%csl Ra7] +/
=/+/-}) 32. Rxc5 Rxc5 33. Rxc5 Nf4 $2 {Black voluntary open a diagonal a1-h8.}
({It is necessary:} 33... Qd6 $5 34. Qc2 {+/=/+/-}) 34. Nxf4 exf4 35. Qc2 $16 {
[%csl Rh8][%cal Gc5c7][%mdl 128]} Rb7 (35... Rc8 $2 36. Qc3+ Kg8 37. Rxc8+ Qxc8
38. Qf6 $18 {[%csl Rf4,Rg8][%cal Gf2d4]}) 36. Qc3+ Kg8 $8 37. Qf6 $6 {I wanted
to cause black queen on point"f7".} (37. Qe5 $142 {[%csl Rf4][%cal Gf2d4]})
37... Qf7 38. Qe5 f3 39. gxf3 (39. Bd4 $143 Kf8 $1 (39... f2+ $2 40. Bxf2 (40.
Kh2 $5 f1=N+ 41. Kg1 Kf8 42. Rc6 $1 $16 {[%csl Re6]}) 40... Rb1+ 41. Kh2 Qxf2
42. Qxe6+ Qf7 (42... Kg7 43. Qe5+ $18) 43. Qxf7+ Kxf7 44. Rc7+ $18 {[%csl Ra7]}
) 40. Rc1 $40 {[%csl Rf8]}) 39... Bxh3 40. Rd5 $2 $138 {[%mdl 8192]} ({Is
forced won:} 40. Bd4 $1 {[%csl Rg8]} Kf8 (40... Rb1+ 41. Kh2 Qa2+ 42. Kxh3 (42.
Kg3 $5 Qg2+ 43. Kh4 g5+ 44. Qxg5+ Qxg5+ 45. Rxg5+ {[%csl Rh3]}) 42... Rh1+ 43.
Kg4 Qg2+ 44. Qg3 h5+ 45. Kf4 Qd2+ 46. Ke5 $18) 41. Rd5 {[%csl Rf8][%cal Gd5d8,
Ge5h8,Gd4c5]} Bd7 42. Qh8+ Qg8 $8 (42... Ke7 $2 43. Bc5+ Ke6 44. Qe5#) 43. Qf6+
Qf7 44. Bc5+ Kg8 45. Qd8+ Be8 (45... Kg7 46. Bd4+ Kh6 47. Qg5#) (45... Qe8 46.
Rxd7) 46. Re5 Rb1+ 47. Kg2 $18 {[%csl Re8]}) 40... Rd7 $2 $138 {[%mdl 8192]
Answer-back courtesy. Leads to draw:} (40... Qxf3 $1 41. Rd8+ Kf7 42. Qd5+ Kg7
$8 (42... Ke7 $4 43. Bh4+) 43. Qxb7+ (43. Rg8+ Kh6 44. Qd2+ Kh5 45. Qd5+ Kg4
46. Qe6+ Kh5 47. Qd5+ Kh6 48. Qd2+ $11) 43... Kh6 44. Be3+ Qxe3+ 45. Kh2 Qg5 {
[%csl Rd8,Rh2][%cal Gg5g2]} (45... Qf2+ 46. Kxh3 Qf3+ 47. Kh2 Qf2+ 48. Kh1 Qf1+
$11) 46. Kxh3 Qxd8 47. Qxa7 Qd3+ 48. Kh2 Qxe4 49. a4 $11) 41. Bd4 $1 $18 {
Now in all variants at white there is a forced win:} Qxf3 (41... Kf8 42. Bc5+
$1 (42. Rb5 $5 {[%cal Gb5b8]} Rd8 (42... Rc7 $143 43. Qd6+ Ke8 (43... Qe7 44.
Bc5 $18) 44. Re5+ Re7 45. Qb8+ Kd7 46. Ra5 {[%csl Rd7] and mat in 7 moves.})
43. Qh8+ Ke7 44. Bc5+ Kd7 45. Qe5 Kc6 46. Bf2 $18 {[%csl Rc6]}) 42... Kg8 43.
Qb8+ Kg7 44. Rxd7 $1 Bxd7 $8 (44... Qxd7 $2 45. Qf8#) 45. Bd4+ Kh6 46. Qh2+ Kg5
47. Qe5+ Kh4 (47... Bf5 48. Be3+ Kh4 49. Qf4+) (47... Kh6 48. Be3+ g5 49. Qxg5#
) 48. Bf2+ Kh3 49. Qg3#) 42. Qh8+ Kf7 43. Qg7+ (43. Qxh7+ $144 Ke8 (43... Kf8
44. Bc5+ Ke8 45. Qg8+) 44. Re5+ Kd8 (44... Be6 45. Rxe6+ Kd8 46. Qg8+ Kc7 47.
Be5+ Kb7 48. Qb8#) 45. Qh8+ Kc7 46. Rc5+ Kb7 (46... Kd6 47. Qe5#) 47. Qc8+ Kb6
48. Qc6#) 43... Ke8 44. Qg8+ (44. Re5+ $144 Kd8 45. Qh8+ Kc7 46. Rc5+ Kb7 (
46... Kd6 47. Qe5#) (46... Kb6 47. Qb8+ Rb7 48. Qd6#) 47. Qc8+ Kb6 48. Qc6#)
44... Ke7 (44... Qf8 45. Re5+ Re7 46. Rxe7+ Kxe7 47. Bc5+ {[%csl Re7,Rf8]}) 45.
Bc5+ Kf6 46. Qf8+ {[%csl Rf3]} Rf7 47. Bd4+ (47. Bd4+ Ke6 48. Qd6# (48. Rd6#))
1-0